000 00388nam a2200157 4500
001 112128
003 ES-MaACL
005 20230906185442.0
007 t|
008 061121s1930 sp r ||||1| spa d
100 1 _aOrs, Juan.
_987366
245 1 0 _aEspaña y Cataluña /
_cJuan Ors.
260 _aMadrid :
_bDiana,
_c1930.
300 _a140 p. ;
_c19 cm.
852 _aES-MaACL
_jB-12342
999 _c112128
_d112128